|
|
|
|
| LEADER |
00000nab a2200000 a 4500 |
| 001 |
vtls000686817 |
| 003 |
SK-MaSNL |
| 005 |
20260304083343.0 |
| 008 |
250425c1998 xo 0 slo |
| 015 |
|
|
|a SNBRB1999/02-04921
|
| 035 |
|
|
|a CLN000038984
|
| 035 |
|
|
|a urn:nbn:sk:snk-ab31um
|
| 035 |
|
|
|a (urnnbn)urn:nbn:sk:snk:ar-a04mlt
|
| 035 |
|
|
|a (uuid)ed061832-415a-4f25-be98-b7bd58735dd9
|
| 040 |
|
|
|a SNKBUCL
|b slo
|c SNKBUCL
|e AACR2
|
| 041 |
0 |
|
|a slo
|
| 044 |
|
|
|a xo
|c SK
|
| 080 |
|
|
|a 625.144.5/.6:061.3
|2 1997
|
| 080 |
|
|
|a 629.464.24:061.3
|2 1997
|
| 100 |
1 |
|
|a Kalinčák, Daniel,
|d 1947-
|4 aut
|9 93776
|
| 245 |
1 |
0 |
|a VIII. medzinárodný seminár "Traťové stroje v teórii a v praxi - SETRAS '98
|c Daniel Kalinčák
|
| 246 |
1 |
3 |
|a Ôsmy medzinárodný seminár "Traťové stroje v teórii a v praxi - SETRAS '98"
|
| 611 |
2 |
7 |
|a Traťové stroje v teórii a v praxi - SETRAS
|n (8. :
|d 1998 :
|c Žilina, Slovensko)
|2 snkbucl
|9 36421
|
| 650 |
0 |
7 |
|a stroje traťové
|x semináre
|x 1998
|2 snkbucl
|9 1373849
|
| 655 |
|
7 |
|a články z novín a časopisov
|2 snkbucl
|9 267496
|
| 773 |
0 |
|
|t Horizonty dopravy
|g Roč. 6, č. 4 (1998), s. 47
|x 1210-0978
|
| 850 |
|
|
|a Slovenská národná knižnica
|
| 852 |
|
|
|a Slovenská národná knižnica
|
| 954 |
|
|
|a odborná, vedecká literatúra pôvodná (slovenská)
|2 lita
|
| 958 |
|
|
|a article27
|
| 958 |
|
|
|a OND
|
| 958 |
|
|
|a EUIPO
|
| 992 |
|
|
|a RBX
|
| 999 |
|
|
|c 2800331
|d 2802261
|